000 00653nam a2200217Ia 4500
005 20241129104241.0
008 241129s9999||||xx |||||||||||||| ||und||
020 _a9780691175386
037 _aTextual
040 _aRTL
_beng
_cRTL
041 _aeng
_2eng
084 _aX61.1 Q9
_qRTL
100 _aSilber William L.
245 0 _aStory of silver: How the white metal shaped America and the modern world
_cSilber William L.
260 _aPrinceton
_bPrinceton University Press
_c2019
300 _axx,340p.
365 _aINR
_bRs.1658.64
650 _aSilver Money
_9725442
942 _cTB
_hX61.1 Q9
999 _c1225067
_d1225067